000 00670nab a2200217 a 4500
005 20210223131349.0
008 991125s1985 mx 000 0 spa u
035 _aUPN01000177379
100 1 _aGros Salvat, Begoña
222 _aREVISTA IBEROAMERICANA DE EDUCACION
245 _aEstrategias de innovación en la educación superior : el caso de la Universitat Oberta de Catalunya
260 _aMadrid, España
300 _a223-245
362 0 _a2009 No. 49, ene.-abr.
653 0 _aINNOVACION EDUCATIVA
653 0 _aEDUCACION SUPERIOR
653 0 _aAPRENDIZAJE VIRTUAL
700 1 _aLara Navarra, Pablo
_933901
700 1 _ecoaut.
905 _aArticulo
999 _c149482
_d149482